| 000 | 00473nam a2200145 4500 | ||
|---|---|---|---|
| 999 |
_c10677 _d10677 |
||
| 008 | 180914b ||||| |||| 00| 0 eng d | ||
| 022 | _a2094-8042 | ||
| 082 | _aDPer 370.105 M72 Jan-Dec 2011 v59-60 | ||
| 100 |
_931161 _aBartolome, Errolinda P. |
||
| 245 |
_aConquer stress/ _cErrolinda P. Bartolome. |
||
| 260 |
_aPhilippines: _bIn the Grade School, Inc., _cc2011. |
||
| 300 |
_av60 n4, pages 149+; _c27cm. |
||
| 650 | 0 |
_931162 _aStress (Psychology). |
|
| 942 |
_2ddc _cPER |
||